000 00458nam a2200145Ia 4500
008 210716s2005 xx 000 0 und d
020 _a0072881305
041 _aeng
082 _a658.408 LAWA
100 _aLawrence, Anne T; Weber, James; E, James.
245 _aBusiness and society: stakeholders ethics public policy.
_bStakeholders ethics public policy.
260 _aNew York
_bMc Graw Hill
_c2005
300 _axxi, 535
650 _aGeneral Management
999 _c206461
_d206461